Numerical Techniques in Electromagnetics with MATLAB

Saved in:
Bibliographic Details
Main Author: Sadiku, Matthew N.O (Author)
Format: Book
Language:English
Published: Boca Raton : CRC Press, 2009
Edition:3th Edition
Subjects:
Tags: Add Tag
No Tags, Be the first to tag this record!

MARC

LEADER 00000nam a22000003a 4500
001 stu187493
005 20250821104819.4
008 090715s2009----xxu-----------------eng-d
020 |a 978-1-4200-6309-7 
040 |a STU  |b slo 
041 0 |a eng 
044 |a xxu 
080 |a 537.8 
080 |a 551.509.313/314 
084 |a A0260  |2 INS 
084 |a A0270  |2 INS 
084 |a A4110  |2 INS 
084 |a B0290  |2 INS 
084 |a B5100  |2 INS 
084 |a B5210  |2 INS  |7 A000004925 
084 |a C4100  |2 INS 
100 1 |a Sadiku, Matthew N.O  |4 aut 
245 1 |a Numerical Techniques in Electromagnetics with MATLAB 
250 |a 3th Edition 
260 |a Boca Raton :  |b CRC Press,  |c 2009 
300 |a 709 s. 
650 7 |a numerická analýza  |2 stusub 
650 7 |a výpočtová matematika  |2 stusub 
650 7 |a numerické metódy  |2 stusub 
650 7 |a elektromagnetizmus  |2 stusub 
650 7 |a elektromagnetické polia  |2 stusub 
996 |b 284EK91087  |c E* 91087  |l EE01  |s A  |a 24  |w stu187493_0002